OPAC Home

A Hand book of the ordinary Dialect of the Tamil Language : An English-Tamil Dictionary (Record no. 86183)

MARC details
000 -LEADER
fixed length control field 00490nam a2200181Ia 4500
003 - CONTROL NUMBER IDENTIFIER
control field LK-CoDNM
005 - DATE AND TIME OF LATEST TRANSACTION
control field 20230916105738.0
008 - FIXED-LENGTH DATA ELEMENTS--GENERAL INFORMATION
fixed length control field 010623t1906 xxu||||| |||| 00| 1 eng d
040 ## - CATALOGING SOURCE
Original cataloging agency LK-CoDNM
Modifying agency LK-CoDNM
Description conventions LK-CoDNM
041 ## - LANGUAGE CODE
Language code of text/sound track or separate title English
-- Tamil
080 ## - UNIVERSAL DECIMAL CLASSIFICATION NUMBER
Universal Decimal Classification number 12AA6
942 ## - ADDED ENTRY ELEMENTS (KOHA)
Koha item type Books
100 ## - MAIN ENTRY--PERSONAL NAME
Personal name Pope,G.U.
700 ## - ADDED ENTRY--PERSONAL NAME
Personal name Pope,G.U.
245 ## - TITLE STATEMENT
Title A Hand book of the ordinary Dialect of the Tamil Language : An English-Tamil Dictionary
260 ## - PUBLICATION, DISTRIBUTION, ETC. (IMPRINT)
Name of publisher, distributor, etc. Oxford
Place of publication, distribution, etc. London
Date of publication, distribution, etc. 1906
300 ## - PHYSICAL DESCRIPTION
Other physical details 108p., 22cm
Holdings
Withdrawn status Lost status Damaged status Not for loan Collection code Permanent Location Current Location Date acquired Full call number Barcode Koha item type
        Old Books Collection Library National Museum Colombo - Sri Lanka Library National Museum Colombo - Sri Lanka 2023-08-02 12 AA6 OB328 Books
Copyright © 2023 Department of National Museum, Colombo 07, Sri Lanka Funded by UNESCO IFAP UNESCO